Online Catalogue and eLibrary

Modernizing women : (Record no. 76)

MARC details
000 -LEADER
fixed length control field 00657cam a2200229 a 4500
001 - CONTROL NUMBER
control field 1561449
005 - DATE AND TIME OF LATEST TRANSACTION
control field 20231124045103.0
008 - FIXED-LENGTH DATA ELEMENTS--GENERAL INFORMATION
fixed length control field 921002s1993 coua b 001 0 eng
020 ## - INTERNATIONAL STANDARD BOOK NUMBER
ISBN 1555873464 (alk. paper) :
020 ## - INTERNATIONAL STANDARD BOOK NUMBER
ISBN 1555873545 (pbk. : alk. paper) :
040 ## - CATALOGING SOURCE (பட்டியலாக்க மூலம்)
Original cataloging agency DLC
Transcribing agency DLC
Modifying agency DLC
082 00 - DDC Classification
Class No. 305.42/0956
DDC Edition Number 20
Item Number - Author Mark VAL.
100 1# - MAIN ENTRY--PERSONAL NAME
Personal name Moghadam, Valentine M.,
245 10 - TITLE STATEMENT
Title Modernizing women :
Remainder of title gender and social change in the Middle East /
Statement of responsibility, etc. Valentine M. Moghadam.
260 ## - PUBLICATION, DISTRIBUTION, ETC.
Place of publication, distribution, etc. Boulder, CO :
Name of publisher, distributor, etc. L. Rienner,
Date of publication, distribution, etc. 1993.
300 ## - PHYSICAL DESCRIPTION
Extent (e.g. Volumes, Pages etc.) xvi, 311 p. :
650 #0 - SUBJECT ADDED ENTRY--TOPICAL TERM
Topical term or geographic name entry element Women
650 #0 - SUBJECT ADDED ENTRY--TOPICAL TERM
Topical term or geographic name entry element Muslim women
650 #0 - SUBJECT ADDED ENTRY--TOPICAL TERM
Topical term or geographic name entry element Women
650 #0 - SUBJECT ADDED ENTRY--TOPICAL TERM
Topical term or geographic name entry element Muslim women
942 ## - Koha item type (Biblio)
Koha item type Books in Stacks (Lending)
Holdings
Lost status Damaged status Collection code Home library Current library Date acquired Full call number Accession Number Item type
    Lending WERC Library WERC Library 11/24/2023 305.42/0956 VAL. 4002 Books in Stacks (Lending)

© WERC Library